000 01207cad a22002175a 4500
001 E150324
008 100629s2010 xxk f s000 0 eng d
020 _a9780755994298
035 _a(Sirsi) u150324
041 0 _aeng
110 2 _aScotland
_bScottish Government
_95344
245 0 0 _aWider planning for an ageing population, housing and communities
_bconsultation on the workstream report and its suggested actions
_h[electronic resource]
260 _aEdinburgh
_bScottish Government
_c2010
505 2 _aForeword -- Introduction -- Wider planning for an ageing population -- Outcomes and suggested actions -- Annex A, draft equality impact assessment -- Respondent information form -- Questionnaire
520 _aA consultation on proposals aimed at meeting the housing needs of Scotland's ageing population, and maximising older people's independence and quality of life. Deadline for comments is 29 September 2010.
590 _aKA
651 4 _aScotland
_y1999-
690 _aPROPERTY-RESIDENTIAL PROPERTY-DOMESTIC RESIDENTIAL PROPERTY-HOUSING
856 4 0 _uhttps://www.scotland.gov.uk/Publications/2010/06/25130641/0
_zView the consultation free of charge at www.scotland.gov.uk
942 _n0
999 _c110827
_d110827